000 00535nam a2200181Ia 4500
008 090201s9999 xx 000 0 und d
010 _aKPL-68077
040 _bमराठी
041 _aमराठी
082 _a46570
_b68077
100 _a असलेकर प्रांशात
245 _aव्याध
_c असलेकर प्रांशात
250 _a1
260 _c2005
_bमधुरा प्रकाशन
300 _a272
_bमोठा
600 _aव्याध
942 _cBOOK
999 _c243389
_d243389